Personnages de dessins animés en images - Statistiques

Statistiques générales
  • Ce quiz a été pris 308 fois
  • Le résultat moyen est 10 sur 20
Statistiques - réponses
Par images Réponse % Correct
Patrick
95%
Jerry
93%
Inspecteur Gadget
89%
La panthère rose
89%
Sammy
79%
Taz
72%
Daffy Duck
63%
Dexter
57%
Woody Woodpecker
55%
Harley Quinn
50%
Bulle
40%
Princesse Sarah
39%
Beetlejuice
35%
Arnold
33%
Aang
29%
Cyclope
22%
Droopy
22%
Olive
22%
Shredder
20%
Wilma
6%
Aucun quiz correspondant
Distribution des résultats
% des personnes avec chaque résultat
Percentile par nombre de réponses
Votre historique - résultats
Vous n’avez pas pris ce quiz